Leadership in the Era of AI How to Grow Organizational Intelligence
Saved in:
| Main Author: | |
|---|---|
| Format: | Book |
| Language: | English |
| Published: |
New York
Routledge
2025
|
| Edition: | 1st Edition |
| Subjects: | |
| Tags: |
No Tags, Be the first to tag this record!
|
MARC
| LEADER | 00000nam a2200000 4500 | ||
|---|---|---|---|
| 001 | 0312678 | ||
| 005 | 20251103143758.8 | ||
| 020 | |a 9781003506591 | ||
| 041 | 0 | |a eng | |
| 044 | |a US | ||
| 245 | 1 | 0 | |a Leadership in the Era of AI |b How to Grow Organizational Intelligence |c Mark Salisbury |
| 250 | |a 1st Edition | ||
| 264 | 1 | |a New York |b Routledge |c 2025 | |
| 300 | |a 104 s. | ||
| 500 | |a Taylor and Francis e-books. | ||
| 610 | 2 | 0 | |a vodcovstvo |
| 610 | 2 | 0 | |a lídri |
| 610 | 2 | 0 | |a rozvoj osobný |
| 610 | 2 | 0 | |a riadenie |
| 610 | 2 | 0 | |a inteligencia umelá |
| 100 | 1 | |a Salisbury, Mark | |